Toutes les gares terminus d'une ligne de TGV - Statistiques

Statistiques générales
  • Ce quiz a été pris 88 fois
  • Le résultat moyen est 16 sur 105
Statistiques - réponses
Réponse % Correct
Lille-Flandres
56%
Lille-Europe
54%
Marseille-Saint-Charles
54%
Paris-Gare-de-Lyon
54%
Brest
53%
Paris-Nord
53%
Lyon-Part-Dieu
51%
Paris-Est
50%
Paris-Montparnasse
50%
Rennes
50%
Strasbourg
50%
Bordeaux-Saint-Jean
44%
Lyon-Perrache
44%
Nantes
44%
Nice-Ville
37%
Toulouse-Matabiau
32%
La Roche-sur-Yon
31%
Dunkerque
26%
Le Havre
26%
Montpellier-Saint-Roch
25%
Grenoble
24%
Tours
24%
Hendaye
22%
Toulon
22%
Calais-Fréthun
19%
Le Mans
19%
Perpignan
19%
Metz-Ville
18%
Montpellier-Sud-de-France
18%
Nîmes
18%
Reims
18%
Vannes
18%
Pau
16%
Bayonne
15%
Lorient
15%
Nancy-Ville
15%
Paris-Austerlitz
15%
Tarbes
15%
Poitiers
13%
Saint-Malo
13%
Angers-Saint-Laud
12%
Chambéry–Challes-les-Eaux
12%
Valenciennes
12%
Biarritz
10%
Caen
10%
Dijon-Ville
10%
Thionville
10%
Valence TGV
10%
Aix-en-Provence TGV
9%
Clermont-Ferrand
9%
La Rochelle-Ville
9%
Lourdes
9%
Rouen Rive-Droite
9%
Saint-Dié-des-Vosges
9%
Agen
7%
Avignon-TGV
7%
Besançon-Viotte
7%
Boulogne-Ville
7%
Bourg-Saint-Maurice
7%
Laval
7%
Modane
7%
Niort
7%
Saint-Étienne–Châteaucreux
7%
Arras
6%
Béziers
6%
Carcassonne
6%
Charleville-Mézières
6%
Dax
6%
Les Sables-d’Olonne
6%
Montauban-Ville-Bourbon
6%
Narbonne
6%
Sète
6%
Aéroport Charles-de-Gaulle 2 TGV
4%
Albertville
4%
Arcachon
4%
Arles
4%
Avignon-Centre
4%
Cherbourg
4%
Aix-les-Bains–Le Revard
3%
Besançon Franche-Comté TGV
3%
Cannes
3%
Épinal
3%
Granville
3%
Les Arcs–Draguignan
3%
Limoges-Bénédictins
3%
Marne-la-Vallée–Chessy TGV
3%
Auray
1%
Brive-la-Gaillarde
1%
Cambrai
1%
Cerbère
1%
Champagne-Ardenne TGV
1%
Douai
1%
Foix
1%
Mâcon-Loché TGV
1%
Maubeuge
1%
Nîmes Pont-du-Gard
1%
Saint-Jean-de-Luz–Ciboure
1%
Saint-Pierre-des-Corps
1%
Saint-Raphaël–Valescure
1%
Valence-Ville
1%
Châlons-en-Champagne
0%
Cholet
0%
Hazebrouck
0%
Le Creusot TGV
0%
Moutiers–Salins–Brides-les-Bains
0%
Aucun quiz correspondant
Distribution des résultats
% des personnes avec chaque résultat
Percentile par nombre de réponses
Votre historique - résultats
Vous n’avez pas pris ce quiz